<?xml version="1.0" encoding="UTF-8"?>
<record
    xmlns:xsi="http://www.w3.org/2001/XMLSchema-instance"
    xsi:schemaLocation="http://www.loc.gov/MARC21/slim http://www.loc.gov/standards/marcxml/schema/MARC21slim.xsd"
    xmlns="http://www.loc.gov/MARC21/slim">

  <leader>01354nam2a22002891  4500</leader>
  <controlfield tag="001">v19\rc\1746972</controlfield>
  <controlfield tag="005">20250619061250.0</controlfield>
  <datafield tag="035" ind1=" " ind2=" ">
    <subfield code="a">(NLR Aleph) 004852200</subfield>
  </datafield>
  <datafield tag="090" ind1=" " ind2=" ">
    <subfield code="a">4932182</subfield>
    <subfield code="c">4932182</subfield>
  </datafield>
  <datafield tag="100" ind1=" " ind2=" ">
    <subfield code="a">20061204d1902    |||y0rusy50      ca</subfield>
  </datafield>
  <datafield tag="101" ind1="0" ind2=" ">
    <subfield code="a">rus</subfield>
  </datafield>
  <datafield tag="102" ind1=" " ind2=" ">
    <subfield code="a">RU</subfield>
  </datafield>
  <datafield tag="105" ind1=" " ind2=" ">
    <subfield code="a">a   z   |||||</subfield>
  </datafield>
  <datafield tag="200" ind1="1" ind2=" ">
    <subfield code="a">&#x42D;&#x441;&#x43A;&#x430;&#x434;&#x440;&#x43E;&#x43D;&#x43D;&#x43E;&#x435; &#x443;&#x447;&#x435;&#x43D;&#x44C;&#x435;</subfield>
    <subfield code="a">&#x427;. 3. &#x41F;&#x43E;&#x43B;&#x43A;&#x43E;&#x432;&#x43E;&#x435; &#x443;&#x447;&#x435;&#x43D;&#x44C;&#x435;</subfield>
    <subfield code="a">&#x427;. 4. &#x411;&#x440;&#x438;&#x433;&#x430;&#x434;&#x430;, &#x434;&#x438;&#x432;&#x438;&#x437;&#x438;&#x44F;, &#x441;&#x432;&#x43E;&#x434;&#x43D;&#x44B;&#x439; &#x43A;&#x43E;&#x440;&#x43F;&#x443;&#x441;</subfield>
    <subfield code="a">&#x423;&#x441;&#x442;&#x430;&#x432; &#x441;&#x43F;&#x435;&#x448;&#x435;&#x43D;&#x43D;&#x44B;&#x445; &#x447;&#x430;&#x441;&#x442;&#x435;&#x439; &#x43A;&#x430;&#x432;&#x430;&#x43B;&#x435;&#x440;&#x438;&#x438;</subfield>
    <subfield code="a">&#x41F;&#x440;&#x430;&#x432;&#x438;&#x43B;&#x430; &#x434;&#x43B;&#x44F; &#x441;&#x43C;&#x43E;&#x442;&#x440;&#x43E;&#x432; &#x438; &#x434;&#x43B;&#x44F; &#x43E;&#x442;&#x434;&#x430;&#x43D;&#x438;&#x44F; &#x447;&#x435;&#x441;&#x442;&#x438;</subfield>
    <subfield code="a">&#x41A;&#x430;&#x432;&#x430;&#x43B;&#x435;&#x440;&#x438;&#x439;&#x441;&#x43A;&#x438;&#x435; &#x441;&#x438;&#x433;&#x43D;&#x430;&#x43B;&#x44B;</subfield>
  </datafield>
  <datafield tag="210" ind1=" " ind2=" ">
    <subfield code="d">1902</subfield>
    <subfield code="a">&#x411;. &#x43C;.</subfield>
  </datafield>
  <datafield tag="215" ind1=" " ind2=" ">
    <subfield code="a">XV, 318 &#x441;.</subfield>
    <subfield code="c">&#x438;&#x43B;.</subfield>
  </datafield>
  <datafield tag="461" ind1=" " ind2="0">
    <subfield code="1">001v19\rc\1746969</subfield>
    <subfield code="1">2001#$a&#x423;&#x441;&#x442;&#x430;&#x432; &#x441;&#x442;&#x440;&#x43E;&#x435;&#x432;&#x43E;&#x439; &#x43A;&#x430;&#x432;&#x430;&#x43B;&#x435;&#x440;&#x438;&#x439;&#x441;&#x43A;&#x43E;&#x439; &#x441;&#x43B;&#x443;&#x436;&#x431;&#x44B; 1896 &#x433;.$v&#x427;. 2</subfield>
    <subfield code="9">4932161</subfield>
    <subfield code="c">&#x421;&#x430;&#x43D;&#x43A;&#x442;-&#x41F;&#x435;&#x442;&#x435;&#x440;&#x431;&#x443;&#x440;&#x433;</subfield>
    <subfield code="d">1902-1903</subfield>
    <subfield code="e">&#x41D;&#x435;&#x43E;&#x444;&#x438;&#x446;. &#x438;&#x437;&#x434;. &#x427;. 1</subfield>
    <subfield code="n">&#x412;. &#x411;&#x435;&#x440;&#x435;&#x437;&#x43E;&#x432;&#x441;&#x43A;&#x438;&#x439;</subfield>
    <subfield code="t">&#x423;&#x441;&#x442;&#x430;&#x432; &#x441;&#x442;&#x440;&#x43E;&#x435;&#x432;&#x43E;&#x439; &#x43A;&#x430;&#x432;&#x430;&#x43B;&#x435;&#x440;&#x438;&#x439;&#x441;&#x43A;&#x43E;&#x439; &#x441;&#x43B;&#x443;&#x436;&#x431;&#x44B; 1896 &#x433;.</subfield>
    <subfield code="v">&#x427;. 2</subfield>
  </datafield>
  <datafield tag="517" ind1="0" ind2=" ">
    <subfield code="a">&#x41F;&#x43E;&#x43B;&#x43A;&#x43E;&#x432;&#x43E;&#x435; &#x443;&#x447;&#x435;&#x43D;&#x44C;&#x435;</subfield>
  </datafield>
  <datafield tag="517" ind1="0" ind2=" ">
    <subfield code="a">&#x411;&#x440;&#x438;&#x433;&#x430;&#x434;&#x430;, &#x434;&#x438;&#x432;&#x438;&#x437;&#x438;&#x44F;, &#x441;&#x432;&#x43E;&#x434;&#x43D;&#x44B;&#x439; &#x43A;&#x43E;&#x440;&#x43F;&#x443;&#x441;</subfield>
  </datafield>
  <datafield tag="801" ind1=" " ind2="0">
    <subfield code="a">RU</subfield>
    <subfield code="b">NLR</subfield>
    <subfield code="g">psbo</subfield>
  </datafield>
  <datafield tag="801" ind1=" " ind2="0">
    <subfield code="a">RU</subfield>
    <subfield code="b">RuMoRGB</subfield>
    <subfield code="2">psbo</subfield>
  </datafield>
  <datafield tag="801" ind1=" " ind2="1">
    <subfield code="a">RU</subfield>
    <subfield code="b">ProSoft-M</subfield>
    <subfield code="2">rusmarc</subfield>
  </datafield>
  <datafield tag="852" ind1=" " ind2=" ">
    <subfield code="a">NLR</subfield>
    <subfield code="j">18.41.9.29</subfield>
  </datafield>
  <datafield tag="899" ind1=" " ind2=" ">
    <subfield code="a">RuMoRGB</subfield>
    <subfield code="j">F 66/225</subfield>
  </datafield>
  <datafield tag="899" ind1=" " ind2=" ">
    <subfield code="a">&#x411;&#x410;&#x41D;</subfield>
  </datafield>
  <datafield tag="942" ind1=" " ind2=" ">
    <subfield code="c">BOOK</subfield>
  </datafield>
  <datafield tag="980" ind1=" " ind2=" ">
    <subfield code="a">NB</subfield>
  </datafield>
  <datafield tag="995" ind1=" " ind2=" ">
    <subfield code="5">2013-10-26</subfield>
    <subfield code="b">NLR02</subfield>
    <subfield code="c">NLR02</subfield>
    <subfield code="e">RFS</subfield>
    <subfield code="f">4852200-10</subfield>
    <subfield code="k">18.41.9.29</subfield>
    <subfield code="o">0</subfield>
    <subfield code="r">BOOK</subfield>
    <subfield code="s">1841929_</subfield>
  </datafield>
  <datafield tag="995" ind1=" " ind2=" ">
    <subfield code="5">2013-10-26</subfield>
    <subfield code="b">NLR01</subfield>
    <subfield code="c">NLR01</subfield>
    <subfield code="e">TEMP</subfield>
    <subfield code="f">4852200-30</subfield>
    <subfield code="o">0</subfield>
    <subfield code="r">BOOK</subfield>
  </datafield>
</record>
